Ratzinger J. e.a., La provocazione del discorso su Dio, éd. T. Rainer Peters & Cl. Urban, tr. A. Aguti, coll. Gdt 314, Brescia, Queriniana, 2005, 20x12, 148 p., 13.50 € ISBN 88-399-0814-5 (notice n° 1621704)
[ vue normale ]
| 000 -LEADER | |
|---|---|
| fixed length control field | 01604cam a2200169 4500500 |
| 005 - DATE AND TIME OF LATEST TRANSACTION | |
| control field | 20260111091635.0 |
| 041 ## - LANGUAGE CODE | |
| Language code of text/sound track or separate title | fre |
| 042 ## - AUTHENTICATION CODE | |
| Authentication code | dc |
| 100 10 - MAIN ENTRY--PERSONAL NAME | |
| Personal name | Tourpe, Emmanuel |
| Relator term | author |
| 245 00 - TITLE STATEMENT | |
| Title | Ratzinger J. e.a., La provocazione del discorso su Dio, éd. T. Rainer Peters & Cl. Urban, tr. A. Aguti, coll. Gdt 314, Brescia, Queriniana, 2005, 20x12, 148 p., 13.50 € ISBN 88-399-0814-5 |
| 260 ## - PUBLICATION, DISTRIBUTION, ETC. | |
| Date of publication, distribution, etc. | 2008.<br/> |
| 500 ## - GENERAL NOTE | |
| General note | 87 |
| 520 ## - SUMMARY, ETC. | |
| Summary, etc. | Cette étude examine d’abord la question du pur amour, non pas frontalement (du point de vue de la spiritualité, de la philosophie ou d’une généalogie de la psychologie analytique), mais à partir des sédiments empiriques et contingents — très révélateurs de connotations variées — de la métaphore de la saignée. Nous abordons ensuite le pur amour à partir d’une poétique de la jalousie univoque, fiction ou fabilité de la toute-puissance, adaptée à l’infini et malséante au fini. |
| 520 ## - SUMMARY, ETC. | |
| Summary, etc. | The question of pure love is here studied not from the point of view of spirituality, of philosophy or of a genealogy of analytic psychology, but from the empiric and contingent deposits (which reveal various connotations) of the metaphor of blood-letting. The A. then treats of pure love with a consideration of a poetics of univocous jealousy, fiction of the all-power, adapted to the infinite, unseemly to the finite. |
| 786 0# - DATA SOURCE ENTRY | |
| Note | Nouvelle revue théologique | 130 | 3 | 2008-09-01 | p. 647o-657o | 0029-4845 |
| 856 41 - ELECTRONIC LOCATION AND ACCESS | |
| Uniform Resource Identifier | <a href="https://shs.cairn.info/revue-nouvelle-revue-theologique-2008-3-page-647o?lang=fr&redirect-ssocas=7080">https://shs.cairn.info/revue-nouvelle-revue-theologique-2008-3-page-647o?lang=fr&redirect-ssocas=7080</a> |
Pas d'exemplaire disponible.




Réseaux sociaux